000 00282nam a22001337a 4500
008 170911b xxu||||| |||| 00| 0 eng d
020 _a0135961238
041 _aeng
080 _a53
100 _a43
101 _aFIZ
245 _aMODERN PHYSICS
_cOHANIAN, H.C
942 _2udc
_cBK
999 _c27147
_d27147